Sports Quiz

Random Sports or Soccer Quiz

Top 31 'N' Premier League Goalscorers Quiz Stats

 Plays Quiz not verified by Sporcle

Challenge
Share
Tweet
Embed
Score 0/31 Timer 10:00
0 Plays Today
Goals Player % Correct
62Kevin Nolan
93.6%
4Ian Nolan
93.5%
9Phil Neville
80.7%
5Gary Neville
80.7%
26Nani
78.3%
28Charles N'Zogbia
72.9%
27Samir Nasri
65.8%
35Peter Ndlovu
61.3%
9David Nugent
55.2%
11David N'Gog
52.1%
19Mark Noble
51.1%
6Lucas Neill
50.8%
5Steven Naismith
48.9%
9Ryan Nelsen
48.3%
22Mike Newell
48%
7Eddie Newton
40.3%
Goals Player % Correct
5Alvaro Negredo
39.7%
7Steven N'Zonzi
39.5%
23Szilard Nemeth
36.5%
6Gary Naysmith
33.5%
12Allan Nielsen
31.8%
3Richard Naylor
29.2%
8Jon Newsome
24.9%
9Erik Nevland
24.5%
3Mark Nicholls
21.9%
5Rob Newman
21%
3Nayim
20.4%
5Bruno N'Gotty
16.7%
7Shabani Nonda
12.6%
3Christian Nade
9%
5Michel Ngonge
7.6%

You're not logged in!

Compare scores with friends on all Sporcle quizzes.
Join for Free
OR
Log In

You Might Also Like...

Show Comments

Extras

Top Quizzes Today


Score Distribution

Your Account Isn't Verified!

In order to create a playlist on Sporcle, you need to verify the email address you used during registration. Go to your Sporcle Settings to finish the process.

Report this User

Report this user for behavior that violates our Community Guidelines.

Details: